书目信息 |
| 题名: |
艺术修养
|
|
| 作者: | 罗婷 主编 | |
| 分册: | ||
| 出版信息: | 沈阳 东北大学出版社 2021.8 |
|
| 页数: | 171页 | |
| 开本: | 26cm | |
| 丛书名: | ||
| 单 册: | ||
| 中图分类: | J03 | |
| 科图分类: | ||
| 主题词: | 艺术修养 | |
| 电子资源: | ||
| ISBN: | 978-7-5517-1800-4 | |
| 000 | 00730nam0 2200229 45 | |
| 001 | 012001001766 | |
| 005 | 20141011133757.0 | |
| 010 | @a978-7-5517-1800-4@dCNY36.50 | |
| 100 | @a20181123d2018 em y0chiy50 ea | |
| 101 | 0 | @achi |
| 102 | @aCN@b210000 | |
| 105 | @aag z 000yy | |
| 106 | @ar | |
| 200 | 1 | @a艺术修养@Ayi shu xiu yang@b专著@e双色版@f罗婷主编 |
| 210 | @a沈阳@c东北大学出版社@d2021.8 | |
| 215 | @a171页@c图@d26cm | |
| 330 | @a本书分为艺术概论、音乐、舞蹈、中国戏曲、合唱与指挥、书法、绘画7章,介绍了艺术美的特点、艺术的分类与作用、如何提高艺术欣赏的能力等内容。 | |
| 606 | 0 | @a艺术修养 |
| 690 | @aJ03@v5 | |
| 701 | 0 | @a罗婷@Aluo ting@4主编 |
| 801 | 2 | @aCN@b江苏凤凰@c20211018 |
| 905 | @b1345633-6@dJ03@e621@f4 | |
| 艺术修养:双色版/罗婷主编.-沈阳:东北大学出版社,2021.8 |
| 171页:图;26cm |
| ISBN 978-7-5517-1800-4:CNY36.50 |
| 本书分为艺术概论、音乐、舞蹈、中国戏曲、合唱与指挥、书法、绘画7章,介绍了艺术美的特点、艺术的分类与作用、如何提高艺术欣赏的能力等内容。 |
| ● |
| 相关链接 |
|
|
|
|
正题名:艺术修养
索取号:J03/621
 
预约/预借
| 序号 | 登录号 | 条形码 | 馆藏地/架位号 | 状态 | 备注 |
| 1 | 1345633 | 213456339 | 第一样本阅览室/ [索取号:J03/621] | 在馆 | |
| 2 | 1345634 | 213456348 | 第一借阅区/ [索取号:J03/621] | 在馆 | |
| 3 | 1345635 | 213456357 | 第一借阅区/ [索取号:J03/621] | 在馆 | |
| 4 | 1345636 | 213456366 | 第一借阅区/ [索取号:J03/621] | 在馆 |